000 00481nam a2200181Ia 4500
001 58111
008 141203n ii |||gr||||Z||||||465
020 _a978-81-775-8541-4
082 _a547
100 _aFinar,
_eI.L.,
245 0 _aOrganic Chemistry.Vol 2
_cI.L.Finar
_hTextual Documents
250 _aIst ed-2006.
260 _aSouth Asia:
_bDorling Kindersley (India) Pvt Ltd.
300 _a956p:
_c23cm.
653 _aOrganic chemistry
653 _aG-Che
942 _2ddc
_cBK
999 _c58010
_d58010